Wordt geladen...

Film studies : an introduction/

Bibliografische gegevens
Hoofdauteur: Ed Sikov
Formaat: Printed Book
Gepubliceerd in: New York: Columbia University Press, 2010.
Onderwerpen:
LEADER 00561nam a22001691a 4500
020 |a 9780231142939 
082 |a 791.430 71  |b EDS/F 
100 |a Ed Sikov 
245 |a Film studies : an introduction/  |c by Ed Sikov 
260 |a New York:  |b Columbia University Press,  |c 2010. 
300 |a 212p. 
650 |a Film Studies 
650 |a Motion Pictures 
650 |a Arts 
942 |c BK 
999 |c 14705  |d 14705 
952 |0 0  |1 0  |4 0  |6 791_430000000000000_71_EDS_F  |7 0  |9 20941  |a SSUS  |b SSUS  |d 2015-01-08  |g 1413.05  |l 7  |o 791.430 71 EDS/F  |p 062134  |r 2019-10-03  |s 2019-09-23  |v 0.00  |w 2015-01-08  |y BK